| 000 | 00607nam a22001817a 4500 | ||
|---|---|---|---|
| 008 | 150930b xxu||||| |||| 00| 0 eng d | ||
| 020 | _a0201528134 | ||
| 041 | 0 | _aeng | |
| 080 | _a510.2 | ||
| 100 | 1 | _aDemana, Franklin D., | |
| 245 | 1 | 0 |
_aPrecalculus mathematics, a graphing approach / _cFranklin Demana, Bert K. Waits ; with the assistance of Alan Osborne, Gregory D. Foley. |
| 260 |
_aReading, Mass. : _bAddison-Wesley Pub. Co., _c1990. |
||
| 300 |
_axvi, 933 f. in various pagings : _bme il.; _c24 cm. |
||
| 650 | 0 | _aMatematikë | |
| 650 | 0 | _aPrekalkulus | |
| 700 | 1 | _aWaits, Bert K. | |
| 942 |
_2udc _cBK |
||
| 999 |
_c1189 _d1189 |
||